ბათუმის შოთა რუსთაველის სახელმწიფო უნივერსიტეტის ბიბლიოთეკა

ინგლისურ – ქართული ლექსიკონი = English-Georgian Dictionary / (ბიბ.ჩანაწერი № 38428)

000 -ლიდერი
ფიქსირებული სიგრძის საკონტროლო ველი 00873nam a2200205Ia 4500
001 - საკონტროლო ნომერი
საკონტროლო ველი 4439
003 - საკონტროლო ნომრის იდენტიფიკატორი
საკონტროლო ველი GE_BSU
005 - ბოლო ოპერაციის თარიღი და დრო
საკონტროლო ველი 20190510204951.0
008 - ფიქსირებული სიგრძის მონაცემთა ელემენტები - ზოგადი ინფორმაცია
ფიქსირებული სიგრძის საკონტროლო ველი 181216s1998||||ge |||||||||||||| ||geo||
020 ## - წიგნის საერთაშორისო სტანდარტული ნომერი
International Standard Book Number 9992828668
040 ## - კატალოგიზაციის წყარო
Transcribing agency GE_BSU
041 ## - ენის კოდი
Language code of text/sound track or separate title geo
080 ## - უნივერსალური ათობითი კლასიფიკაციის ინდექსი
Universal Decimal Classification number 87"374.822(038)=111=353.1 ი–54
245 ## - ცნობა სათაურის შესახებ
Title ინგლისურ – ქართული ლექსიკონი = English-Georgian Dictionary /
Statement of responsibility, etc შემდგ . თამარ და ისიდორე , გვარჯალაძეები
264 ## - წარმოების, გამოცემის, დისტრიბუციის და სხვა ცნობები
გამოცემის, წარმოების, დისტრიბუციის... ადგილი თბილისი .:
გამოცემის, წარმოების, დისტრიბუციის... სახელწოდება საქ. მაცნე,
გამოცემის, წარმოების, დისტრიბუციის... თარიღი 1998.
300 ## - ფიზიკური აღწერა
Extent 527 გვ .;
Dimensions 21 სმ.
653 ## - INDEX TERM--UNCONTROLLED
Uncontrolled term ინგლისურ–ქართული ლექსიკონი
700 ## - ADDED ENTRY--PERSONAL NAME
Personal name გვარჯალაძე , ისიდორე
Relator term შემდგენელი
9 (RLIN) 1043
942 ## - ADDED ENTRY ELEMENTS (KOHA)
Koha item type წიგნი
Source of classification or shelving scheme
ეგზემპლარები
ჩამოწერის სტატუსი დაკარგული ეგზემპლარის სტატუსი კლასიფიკაციის წყარო ან თაროზე გაწყობის სქემა დაზიანების სტატუსი არ გაიცემა მუდმივი მდებარეობა (დაცვის ადგილი) ამჟამინდელი ადგილსამყოფელი თაროზე განთავსების ადგილი შეძენის თარიღი ღირებულება, შესყიდვის ნორმალური ფასი სრული შენახვის შიფრი შტრიხკოდი ბოლო ოპერაციის თარიღი ფასის ძალაში შესვლის თარიღი ეგზემპლარის სახეობა საჯარო შენიშვნა
          ტექნოლოგიური ფაკულტეტის ბიბლიოთეკა ტექნოლოგიური ფაკულტეტის ბიბლიოთეკა წიგნსაცავი 2018-12-17 30.00 81"374.822(038)=111=353.1 ი–54 8371 2018-12-17 2018-12-17 წიგნი 30 ლ.